Modelling radioactivity in the environment

Αποθηκεύτηκε σε:
Λεπτομέρειες βιβλιογραφικής εγγραφής
Άλλοι συγγραφείς: Scott, E. Marian (Επιμελητής έκδοσης)
Μορφή: Βιβλίο
Γλώσσα:English
Δημοσίευση: Amsterdam : Elsevier, 2003
Σειρά:Radioactivity in the environment ; ; 4
Θέματα:
Ετικέτες: Προσθήκη ετικέτας
Δεν υπάρχουν, Καταχωρήστε ετικέτα πρώτοι!

MARC

LEADER 00000nam a2200000 i 4500
001 1/79457
008 080331s2003 eng d
020 |a 0-08-043663-3 
035 |l 10095970 
040 |a GR-MY-UA  |b gre  |e aacr 
041 0 |a eng 
082 0 |a 363.1799  |2 (22) 
245 1 0 |a Modelling radioactivity in the environment /  |c editor E. Marian Scott 
260 |a Amsterdam :   |b Elsevier,   |c 2003 
300 |a ix, 427 σ.;  |b εικ., πίν., χάρτες, σχέδια;  |c 25 εκ. 
490 1 |a Radioactivity in the environment  |v ; 4 
504 |a Ευρετήρια: σ. 421-427 
650 0 0 |a Radioactive pollution  |x Mathematical models. 
700 1 |a Scott, E. Marian.  |4 edt 
830 0 |a Radioactivity in the environment ;  |v ; 4 
852 |a INST  |b LESVOS  |e 20080331  |h 363.1799 MOD  |p 005100038700  |q 005100038700  |t BK  |y 0 
901 |a BIBL1-2008-1 
909 |a Λ  |b 142755 
922 |a 1ΕΛΗ  |b 200712  |c ΕΠΕΑΕΚ2/ΤΠ  |d ΕΛΕΥΘΕΡΟΥΔΑΚΗΣ 
970 |a ΓΙΑΛΑΜΑ  |b ΜΑΡΙΑ  |z 2008/03/31